00457nam a22001692 4500001001100000005001700011008004100028020001700069040001500086100003000101245006200131250001300193260003100206300001200237650003500249852000300284000001999520151217154437.0110415s xx 000 0 eng d a9966788077 : aKABUcKABU1 aKarimi, Leah.@000018002110aGet rich by making the most of your money /cLeah Karimi. a1st ed. aNairobi :bQueenex,c2008. a123 p. 0aFinance, Personal.@00001524411